000 02244nam a22003735i 4500
001 21691616
003 BJBSDDR
005 20260423122250.0
007 ta
008 200826s2021 nyu 000 0 eng
010 _a 2020944989
020 _a9781419747953
_q(paperback)
020 _z9781683358183
_q(ebook)
035 _a21691616
040 _aDLC
_beng
_erda
_cDLC
041 _aeng
042 _apcc
050 _bS886s 2021
100 1 _aStorr, Will
_eauthor.
_924180
245 1 4 _aThe science of storytelling :
_bwhy stories make us human and how to tell them better /
_cWill Storr.
263 _a2104
264 1 _aNew York :
_bAbrams Press,
_c2021.
300 _a291 pages ;
_c21 cm.
336 _atext
_btxt
_2rdacontent
337 _aunmediated
_bn
_2rdamedia
338 _avolume
_bnc
_2rdacarrier
500 _aOriginally published by Abrams in 2020 Originally published: London : William Collins, 2019 Subtitle from cover
505 _aCreating a world The flawed self The dramatic question Plots, endings, and meaning The sacred flaw approach
520 _aHow do master storytellers compel us? There have been many attempts to understand what makes a good story, but few have used a scientific approach. In The Science of Storytelling, Will Storr applies dazzling psychological research and cutting-edge neuroscience to our myths and archetypes to show how we can tell better stories, revealing, among other things, how storytellers - and also our brains - create worlds by being attuned to moments of unexpected change. Storr?s superbly chosen examples range from Harry Potter to Jane Austen to Alice Walker, Greek drama to Russian novels to Native American folk tales, King Lear to Breaking Bad to children?s stories. With chapters such as "The Dramatic Question" and "Plot, Endings, and Meaning" and a practical, step-by-step appendix dedicated to "The Sacred Flaw Approach", The Science of Storytelling is destined to become an invaluable resource for writers of all stripes, whether novelist, screenwriter, playwright, or writer of creative or traditional nonfiction
906 _a0
_bibc
_corignew
_d2
_eepcn
_f20
_gy-gencatlg
942 _2lcc
_cBK
_n0
946 _idpf
999 _c126902
_d126902